| 000 | 00455ntaaa2200169 4500 | ||
|---|---|---|---|
| 003 | 01 | ||
| 005 | 20251027201857.0 | ||
| 008 | 0714s1973 ag 01 | ||
| 040 |
_aAR-BaBN _bspa _cAR-BaBN _eaacr _dRIC |
||
| 082 | _a230.1 T46 | ||
| 100 |
_aTillich, Paul _9151 |
||
| 245 |
_aBiblical reiligon and the search for ultimate reality / _cPaul Tillich |
||
| 250 |
_a1 ed. : _bUniversity of Chicago, _c1963 |
||
| 300 | _ax, 85 p. | ||
| 650 | _aTEOLOGIA | ||
| 942 | _cBK | ||
| 999 |
_c13437 _d13437 |
||